| 000 | 00686nam a2200229 a 4500 | ||
|---|---|---|---|
| 003 | OSt | ||
| 005 | 20171120120613.0 | ||
| 008 | 171120s2004 spc|||||| 000 |bspa|d | ||
| 017 | _aDL M. 39970-2004 | ||
| 020 | _a8432208884 | ||
| 040 |
_aES-BaCBU _bcat _cCDMR |
||
| 100 | 1 |
_aCominges, Jorge de, _d1945- |
|
| 245 | 1 | 0 |
_aMemorias de un extraño _b: (1945-1971) / _cJorge de Cominges |
| 260 |
_aBarcelona : _bSeix Barral, _c2004 |
||
| 300 |
_a255 p.; _c23 cm |
||
| 505 | _aConté dedicatòria firmada per l'autor del llibre. | ||
| 600 | 1 | 4 |
_aCominges, Jorge de, _d1945- |
| 650 | 4 |
_93139 _aPeriodistes catalans _vBiografia |
|
| 650 | 0 | 4 |
_92273 _aPeriodistes |
| 940 | _aAHCB | ||
| 942 | _cMON | ||
| 999 |
_c7080 _d7080 |
||